A bajnokság kovácsai
Elmentve itt :
| Dokumentumtípus: | Cikk |
|---|---|
| Megjelent: |
1966-12-06
|
| Sorozat: | Délmagyarország
56 No. 287 |
| Kulcsszavak: | Kővári András, Boross László, Labdarúgás Szeged 1966, labdarúgás |
| Online Access: | http://dmarchiv.bibl.u-szeged.hu/70352 |
| LEADER | 00451nab a2200145 i 4500 | ||
|---|---|---|---|
| 001 | delm70352 | ||
| 005 | 20180927153724.0 | ||
| 008 | 180927s1966 hu o 0|| hun d | ||
| 040 | |a SZTE Délmagyarország Archívum |b hun | ||
| 041 | |a hun | ||
| 245 | 0 | 2 | |a A bajnokság kovácsai |h [elektronikus dokumentum] |
| 260 | |c 1966-12-06 | ||
| 300 | |a 6 | ||
| 490 | 0 | |a Délmagyarország |v 56 No. 287 | |
| 695 | |a Kővári András, Boross László, Labdarúgás Szeged 1966, labdarúgás | ||